Régimen jurídico de las presunciones
Na minha lista:
| Autor principal: | |
|---|---|
| Formato: | Livro |
| Idioma: | espanhol |
| Publicado em: |
Madrid
Dykinson
2007
|
| Assuntos: | |
| Tags: |
Adicionar Tag
Sem tags, seja o primeiro a adicionar uma tag!
|
MARC
| LEADER | 00000cam a2200000 a 4500 | ||
|---|---|---|---|
| 001 | UCF1487 | ||
| 003 | CL-VaPUC | ||
| 008 | 120706e20070000SP |||||||||||||||||spa|d | ||
| 020 | |a 9788498490282 | ||
| 082 | 0 | 4 | |a 345.06 |b MAR |2 21 |
| 100 | |a Martínez de Morentin Llamas, María Lourdes |e autora |9 563004 | ||
| 245 | 1 | 0 | |a Régimen jurídico de las presunciones |
| 300 | |a 203 p | ||
| 942 | |c BK | ||
| 945 | |d 20120706 00:00:00 |a dcastane | ||
| 260 | |a Madrid |b Dykinson |c 2007 | ||
| 650 | 7 | |a PRESUNCIONES PENALES |2 CL-VaPUC |9 383133 | |
| 650 | 7 | |a PRESUNCIONES JUDICIALES |2 CL-VaPUC |9 471808 | |
| 650 | 0 | |a Naturaleza jurídica |9 371885 | |
| 650 | 0 | |a Casación en la música |9 357455 | |
| 583 | |a last modification |c 20120706 10:37:00 |k Rodrigo Vera | ||
| 999 | |c 348239 |d 348237 | ||
| 952 | |0 0 |1 0 |4 0 |6 345_060000000000000_MAR_2007 |7 0 |8 A |9 450188 |a BIBDER |b BIBDER |d 2019-11-22 |i 4880242 |o 345.06 MAR 2007 |p 4880242 |r 2019-11-22 |w 2019-11-22 |y BK |k DER | ||